Maschio per obbligo : oltre il femminismo verso una ridefinizione dei ruoli /
Guardado en:
| Autor principal: | |
|---|---|
| Formato: | Libro |
| Lenguaje: | italiano |
| Publicado: |
Milano :
Bompiani,
1973
|
| Colección: | I mutamenti ;
3 |
| Etiquetas: |
Sin Etiquetas, Sea el primero en etiquetar este registro!
|
MARC
| LEADER | 00000nam a22000007i 4500 | ||
|---|---|---|---|
| 001 | IT\ICCU\RML\0162108 | ||
| 003 | ItRI | ||
| 005 | 20241230164210.0 | ||
| 008 | 060717s1973 it |||||| ||||| |||||c | ||
| 040 | |b ita |c Arcigay Rimini | ||
| 041 | 7 | |a ita |2 ISO-639-2 | |
| 100 | 1 | |a Ravaioli, Carla, |d (1923-2014) |0 IT\ICCU\CFIV\011540 |4 aut | |
| 245 | 1 | 0 | |a Maschio per obbligo : |b oltre il femminismo verso una ridefinizione dei ruoli / |c Carla Ravaioli. |
| 260 | |a Milano : |b Bompiani, |c 1973 | ||
| 300 | |a 316 p. : |b ill. ; |c 22 cm. | ||
| 830 | 2 | |a I mutamenti ; |v 3 |0 IT\ICCU\SBL\0459125 | |
| 942 | |2 ddc |c BK | ||
| 952 | |0 0 |1 0 |2 ddc |4 0 |6 303_000000000000000_RAV_MAS |7 1 |9 2540 |a RN |b RN |d 2024-12-30 |l 0 |o 303 RAV MAS |p 9984 |r 2024-12-30 16:43:37 |w 2024-12-30 |y BK | ||
| 981 | 1 | |6 z01 |a i |b xxxe | |
| 982 | 1 | |6 z01 |a n | |
| 999 | |c 2206 |d 2206 | ||